[Event "Batumi BCSA op"]
[Site "Batumi"]
[Date "2003.07.25"]
[Round "9"]
[White "Kodua, Dato"]
[Black "Tqeshelashvili, Sopio"]
[Result "1-0"]
[WhiteElo "2260"]
[BlackElo "2321"]
[PlyCount "99"]
[EventDate "2003.07.16"]
[EventType "swiss"]
[EventRounds "9"]
[EventCountry "GEO"]
[SourceTitle "CBM 095 Extra"]
[Source "ChessBase"]
[SourceDate "2003.09.04"]
[SourceVersion "1"]
[SourceVersionDate "2003.09.04"]
[SourceQuality "1"]

1. d4 Nf6 2. Nf3 e6 3. Bf4 c5 4. c3 Nc6 5. e3 Nh5 6. Bg5 Qb6 7. b3 h6 8. Bh4 cxd4 9. Nxd4 Nf6 10. Bd3 d5 11. Bg3 Bd7 12. 0-0 Rc8 13. Nd2 Be7 14. Nxc6 Bxc6 15. c4 0-0 16. cxd5 Nxd5 17. Nc4 Qd8 18. Rc1 Nf6 19. Ne5 Bd5 20. Rxc8 Qxc8 21. Qb1 b6 22. e4 Bb7 23. Rc1 Qa8 24. f3 Nh5 25. Bf2 Nf4 26. Bf1 Bd6 27. Nc4 Be7 28. Be3 Ng6 29. Kh1 Bf6 30. Nd6 Bc6 31. Qc2 Bd7 32. Qc7 Rd8 33. Nb7 Rb8 34. Qxd7 Ne5 35. Qd6 Rxb7 36. Bb5 Qb8 37. Qxb8+ Rxb8 38. f4 Ng6 39. g3 Rd8 40. Kg2 e5 41. f5 Ne7 42. Rc7 a6 43. Bxa6 Ra8 44. Bc4 Rxa2+ 45. Kf3 Rxh2 46. Bxb6 Kf8 47. Bc5 g5 48. Bxe7+ Bxe7 49. f6 Bd6 50. Rc8# 1-0